[Event "Bohumin op-A 6th"]
[Site "Bohumin"]
[Date "2023.07.07"]
[Round "7"]
[White "Zalesky, Karel"]
[Black "Pelc, Adam"]
[Result "1/2-1/2"]
[WhiteElo "2001"]
[BlackElo "1902"]
[PlyCount "86"]
[EventDate "2023.07.01"]
[EventType "swiss"]
[EventRounds "9"]
[EventCountry "CZE"]
[SourceTitle "CBM 215 Extra"]
[Source "ChessBase"]
[SourceDate "2023.09.30"]
[SourceVersion "1"]
[SourceVersionDate "2023.09.30"]
[SourceQuality "1"]

1. e4 c5 2. Nf3 g6 3. c3 Bg7 4. d4 cxd4 5. Nxd4 Nc6 6. Be3 d6 7. Bc4 Nf6 8. Nd2 Ng4 9. Nxc6 bxc6 10. Qb3 0-0 11. Bg5 Ne5 12. Be2 Be6 13. Qc2 h6 14. Bh4 f5 15. f4 Nd7 16. 0-0 Rb8 17. Kh1 Nc5 18. b4 Nd7 19. Rac1 Qe8 20. a3 Qf7 21. Bd3 Rbe8 22. Rce1 fxe4 23. Bxe4 Bf5 24. Bxf5 Qxf5 25. Ne4 d5 26. Qb3 Qg4 27. Bg3 Kh7 28. Nd2 h5 29. Rf3 Kg8 30. h3 Qf5 31. Ne4 Bh6 32. Nc5 Nxc5 33. bxc5 Bg7 34. Qb7 d4 35. cxd4 Bxd4 36. Qb3+ e6 37. Rd3 Bxc5 38. Rd7 Rf7 39. Rxf7 Qxf7 40. Qc3 Qe7 41. Qc2 Kf7 42. Re5 Bb6 43. Rxh5 gxh5 1/2-1/2

[Event "Bohumin op-A 6th"]
[Site "Bohumin"]
[Date "2023.07.04"]
[Round "4"]
[White "Olsar, Zdenek"]
[Black "Zalesky, Karel"]
[Result "0-1"]
[WhiteElo "1941"]
[BlackElo "2001"]
[PlyCount "96"]
[EventDate "2023.07.01"]
[EventType "swiss"]
[EventRounds "9"]
[EventCountry "CZE"]
[SourceTitle "CBM 215 Extra"]
[Source "ChessBase"]
[SourceDate "2023.09.30"]
[SourceVersion "1"]
[SourceVersionDate "2023.09.30"]
[SourceQuality "1"]

1. e4 c5 2. Nf3 d6 3. d4 cxd4 4. Nxd4 Nf6 5. Nc3 a6 6. Bg5 e6 7. f4 Nbd7 8. Qf3 Qc7 9. 0-0-0 Be7 10. g4 b5 11. Bxf6 gxf6 12. f5 Ne5 13. Qh3 b4 14. Nce2 Bf8 15. Nf4 Qe7 16. Qh5 Kd8 17. Rg1 h6 18. Qh4 Rg8 19. Qe1 a5 20. Nb5 Ra6 21. Nd4 Rb6 22. Qe3 Kc7 23. Qb3 h5 24. Nxh5 Bh6+ 25. Kb1 Rxg4 26. Rxg4 Nxg4 27. Bh3 Nf2 28. Rf1 Nxh3 29. Qxh3 e5 30. Nxf6 Qxf6 31. Nf3 Ba6 32. Re1 Bb5 33. Qh5 Rc6 34. h4 Kb7 35. Ng5 Rc7 36. Rd1 Kc6 37. Rd5 Rd7 38. b3 Qg7 39. a4 bxa3 40. c4 Ba6 41. Rxa5 Bb7 42. Ka2 f6 43. c5 Bxg5 44. hxg5 Qxg5 45. Qe2 Qc1 46. Qb5+ Kc7 47. Qb6+ Kc8 48. Rxa3 Qxc5 0-1

[Event "Moravia-Silesia Region-chT 2223"]
[Site "Czech Republic"]
[Date "2023.04.02"]
[Round "11"]
[White "Podlesny, Pavel"]
[Black "Zalesky, Karel"]
[Result "1-0"]
[WhiteElo "2048"]
[BlackElo "2037"]
[PlyCount "211"]
[EventDate "2022.10.09"]
[EventType "team-tourn"]
[EventRounds "11"]
[EventCountry "CZE"]
[SourceTitle "EXT 2024"]
[Source "ChessBase"]
[SourceDate "2023.10.10"]
[SourceVersion "1"]
[SourceVersionDate "2023.10.10"]
[SourceQuality "1"]
[WhiteTeam "Havirov Banik"]
[BlackTeam "Opava Slezan"]
[WhiteTeamCountry "CZE"]
[BlackTeamCountry "CZE"]

1. d4 Nf6 2. c4 e6 3. Nc3 d5 4. Bf4 c6 5. e3 Bd6 6. Bg5 Nbd7 7. c5 Bc7 8. Bd3 e5 9. Nge2 h6 10. Bh4 e4 11. Bc2 b6 12. b4 Nf8 13. a4 bxc5 14. dxc5 Ng6 15. Bg3 a6 16. Nd4 Bxg3 17. hxg3 Qc7 18. Qd2 Bd7 19. Nce2 0-0 20. 0-0 Ne5 21. Rfc1 Nc4 22. Qc3 a5 23. Rab1 Rfb8 24. bxa5 Rxb1 25. Rxb1 Qxa5 26. Qb4 Nd2 27. Qxa5 Rxa5 28. Rd1 Nc4 29. Ra1 Ra8 30. Nb3 Ne8 31. Ned4 Nc7 32. a5 Kf8 33. Bd1 Na6 34. Be2 Ne5 35. Nc2 Bc8 36. Bxa6 Bxa6 37. Nb4 Nd3 38. Nxd3 Bxd3 39. Nd4 Ra6 40. f3 g6 41. Kf2 Ke7 42. g4 Kd7 43. f4 Ra8 44. g5 hxg5 45. fxg5 Kc7 46. Kg3 Kb7 47. Ra2 Bb5 48. Rf2 Ka6 49. Rf6 Ra7 50. Kf4 Kxa5 51. Nxc6+ Bxc6 52. Rxc6 Kb5 53. Rc8 Re7 54. c6 Kc5 55. c7 Kc6 56. Rd8 Rxc7 57. Ke5 Re7+ 58. Kd4 Ra7 59. Rxd5 Ra2 60. Kxe4 Rxg2 61. Ra5 Rf2 62. Kd4 Kd7 63. e4 Rg2 64. Ra7+ Ke6 65. Ra6+ Ke7 66. Ra7+ Kf8 67. Ra5 Rd2+ 68. Ke3 Rd7 69. Kf4 Rb7 70. Rc5 Kg7 71. Ra5 Rb1 72. Rc5 Rf1+ 73. Kg4 Kf8 74. Rc7 Ke8 75. Ra7 Rh1 76. Rb7 Rh7 77. Rb5 Ke7 78. Kf4 Rh4+ 79. Kf3 Rh1 80. Kf4 Kd6 81. Rb6+ Kc5 82. Rf6 Rh7 83. Ke5 Rh5 84. Rxf7 Rxg5+ 85. Kf6 Rg1 86. Rd7 Kc6 87. Rd2 Re1 88. e5 g5 89. Ke6 g4 90. Rc2+ Kb7 91. Rg2 Re4 92. Kf5 Re1 93. Rxg4 Kc8 94. Rd4 Rf1+ 95. Ke6 Rh1 96. Rf4 Rh8 97. Ke7 Kc7 98. Rc4+ Kb7 99. e6 Rh1 100. Ke8 Re1 101. e7 Re2 102. Kd7 Rd2+ 103. Ke6 Re2+ 104. Kd6 Rd2+ 105. Ke5 Rd5+ 106. Kxd5 1-0

[Event "CZE-chT2F 2223"]
[Site "Czech Republic"]
[Date "2023.03.26"]
[Round "11"]
[White "Stancik, Jakub"]
[Black "Zalesky, Karel"]
[Result "1-0"]
[WhiteElo "2054"]
[BlackElo "2053"]
[PlyCount "71"]
[EventDate "2022.10.16"]
[EventType "team-tourn"]
[EventRounds "11"]
[EventCountry "CZE"]
[SourceTitle "EXT 2024"]
[Source "ChessBase"]
[SourceDate "2023.10.10"]
[SourceVersion "1"]
[SourceVersionDate "2023.10.10"]
[SourceQuality "1"]
[WhiteTeam "Vsetin"]
[BlackTeam "Dolni Benesov"]
[WhiteTeamCountry "CZE"]
[BlackTeamCountry "CZE"]

1. e4 c5 2. Nf3 e6 3. d4 cxd4 4. Nxd4 Nf6 5. Nc3 Nc6 6. Ndb5 Bb4 7. a3 Bxc3+ 8. Nxc3 0-0 9. Qd6 Ne8 10. Qg3 d5 11. Bd3 d4 12. Ne2 Qd6 13. f4 f5 14. 0-0 fxe4 15. Bxe4 Nf6 16. Bd3 Rd8 17. Qh4 Qd5 18. b3 Qh5 19. Qxh5 Nxh5 20. Bb2 Nf6 21. Rae1 a6 22. h3 b5 23. Kh2 h5 24. Rf2 Rb8 25. g3 Rb7 26. Ng1 Re7 27. Nf3 Rd6 28. a4 b4 29. Rfe2 Rc7 30. Ng5 Nd8 31. f5 Rcc6 32. Bc4 Kf8 33. fxe6 Ke7 34. Nf7 Bxe6 35. Nxd8 Kxd8 36. Rxe6 1-0

[Event "CZE-chT2F 2223"]
[Site "Czech Republic"]
[Date "2023.02.19"]
[Round "9"]
[White "Jaworski, Miroslaw"]
[Black "Zalesky, Karel"]
[Result "1/2-1/2"]
[WhiteElo "2158"]
[BlackElo "2048"]
[PlyCount "71"]
[EventDate "2022.10.16"]
[EventType "team-tourn"]
[EventRounds "11"]
[EventCountry "CZE"]
[SourceTitle "EXT 2024"]
[Source "ChessBase"]
[SourceDate "2023.10.10"]
[SourceVersion "1"]
[SourceVersionDate "2023.10.10"]
[SourceQuality "1"]
[WhiteTeam "Havirov Slovan"]
[BlackTeam "Dolni Benesov"]
[WhiteTeamCountry "CZE"]
[BlackTeamCountry "CZE"]

1. d4 Nf6 2. c4 e6 3. Nc3 d5 4. Nf3 Bb4 5. Qc2 0-0 6. a3 Bxc3+ 7. Qxc3 Ne4 8. Qc2 Nd7 9. e3 c6 10. b4 a5 11. Bb2 b6 12. Be2 f5 13. cxd5 Ndf6 14. dxc6 axb4 15. axb4 Rxa1+ 16. Bxa1 Qd6 17. 0-0 Qxb4 18. Rb1 Qa5 19. Ne5 Nd5 20. Nc4 Qa7 21. f3 Nef6 22. e4 fxe4 23. fxe4 Nb4 24. Qc3 Nxc6 25. Nd6 Bd7 26. Bc4 Qc7 27. e5 Ne8 28. Nb5 Qd8 29. Bb2 Na5 30. Be2 Bc6 31. Ba3 Rf4 32. Qg3 Rf7 33. Nd6 Nxd6 34. exd6 Bd5 35. Rc1 Nc6 36. Qe3 1/2-1/2

[Event "CZE-chT2F 2223"]
[Site "Czech Republic"]
[Date "2022.10.16"]
[Round "1"]
[White "Fizer, Marek"]
[Black "Zalesky, Karel"]
[Result "1/2-1/2"]
[WhiteElo "1927"]
[BlackElo "2028"]
[PlyCount "67"]
[EventDate "2022.10.16"]
[EventType "team-tourn"]
[EventRounds "11"]
[EventCountry "CZE"]
[SourceTitle "EXT 2024"]
[Source "ChessBase"]
[SourceDate "2023.10.10"]
[SourceVersion "1"]
[SourceVersionDate "2023.10.10"]
[SourceQuality "1"]
[WhiteTeam "Dobra Sokol"]
[BlackTeam "Dolni Benesov"]
[WhiteTeamCountry "CZE"]
[BlackTeamCountry "CZE"]

1. e4 c5 2. Nf3 d6 3. d4 cxd4 4. Nxd4 Nf6 5. Nc3 a6 6. Bg5 e6 7. f4 Be7 8. Qd2 b5 9. Bxf6 Bxf6 10. g3 Qb6 11. 0-0-0 Bxd4 12. Qxd4 Qxd4 13. Rxd4 Ke7 14. Bg2 Bb7 15. Re1 Nc6 16. Rd2 Rhd8 17. Nd5+ Kf8 18. Ne3 Rac8 19. Bh3 Na5 20. f5 Ke7 21. fxe6 fxe6 22. e5 dxe5 23. Rxd8 Rxd8 24. Ng4 Nc6 25. Nxe5 Nxe5 26. Rxe5 Bd5 27. a3 Rf8 28. Re2 Rf6 29. Bg2 Bxg2 30. Rxg2 e5 31. Kd2 Ke6 32. Ke3 Rf8 33. Rd2 Rc8 34. Ke4 1/2-1/2

[Event "CZE-chT2F 2122"]
[Site "Czech Republic"]
[Date "2022.04.03"]
[Round "11.2"]
[White "Zalesky, Karel"]
[Black "Cempel, Jaroslav"]
[Result "0-1"]
[WhiteElo "2055"]
[BlackElo "2020"]
[PlyCount "152"]
[EventDate "2021.10.17"]
[EventType "team-tourn"]
[EventRounds "11"]
[EventCountry "CZE"]
[SourceTitle "EXT 2024"]
[Source "ChessBase"]
[SourceDate "2023.10.10"]
[SourceVersion "1"]
[SourceVersionDate "2023.10.10"]
[SourceQuality "1"]
[WhiteTeam "Dolni Benesov"]
[BlackTeam "Poruba Slavoj III"]
[WhiteTeamCountry "CZE"]
[BlackTeamCountry "CZE"]

1. e4 d5 2. exd5 Qxd5 3. Nc3 Qd6 4. d4 Nf6 5. h3 c6 6. Nf3 g6 7. Be2 Bg7 8. Be3 Be6 9. Qd2 Bd5 10. Bf4 Qd8 11. 0-0 Nbd7 12. Rfe1 0-0 13. Qe3 Bxf3 14. Bxf3 e6 15. Rad1 Nb6 16. Qc1 Nbd5 17. Bd2 Nxc3 18. Bxc3 Nd5 19. Bd2 Qd7 20. c3 Rfe8 21. Bh6 Bh8 22. Re2 a5 23. Red2 Ne7 24. g4 Qc7 25. Rd3 Rad8 26. Bf4 Qb6 27. Bg5 Rd7 28. c4 Bg7 29. b3 Qc7 30. Kg2 Qb6 31. Be3 Qc7 32. Qa3 Bf8 33. Qb2 Bg7 34. Qb1 h6 35. R1d2 Kh7 36. Rd1 Red8 37. b4 axb4 38. Qxb4 c5 39. Qb5 cxd4 40. Bd2 Nc6 41. c5 Ra8 42. a4 e5 43. Be4 Nd8 44. a5 Bf8 45. Rc1 Ra6 46. Rb3 Nc6 47. Ra3 Re7 48. Ra4 Qd7 49. Qb1 Qd8 50. Qa2 Qc8 51. Qc2 Rc7 52. f3 Ne7 53. Rc4 f5 54. Bd3 Rac6 55. Kg3 Kh8 56. h4 Bg7 57. h5 f4+ 58. Kg2 gxh5 59. gxh5 Qf8 60. Be4 Rf6 61. Bb4 Qf7 62. Rh1 Nf5 63. Bxf5 Rxf5 64. c6 Rg5+ 65. Kf1 bxc6 66. Bd6 Qd5 67. Kf2 Qxd6 68. a6 d3 69. Qa4 Qd7 70. Qb4 e4 71. Rxe4 Rb5 72. Qa3 Bd4+ 73. Kg2 Qg7+ 74. Kf1 Rb1+ 75. Re1 Rxe1+ 76. Kxe1 Qe5+ 0-1

[Event "CZE-chT2F 2122"]
[Site "Czech Republic"]
[Date "2022.02.13"]
[Round "8.4"]
[White "Olsar, Jaroslav"]
[Black "Zalesky, Karel"]
[Result "0-1"]
[WhiteElo "2113"]
[BlackElo "2055"]
[PlyCount "86"]
[EventDate "2021.10.17"]
[EventType "team-tourn"]
[EventRounds "11"]
[EventCountry "CZE"]
[SourceTitle "EXT 2024"]
[Source "ChessBase"]
[SourceDate "2023.10.10"]
[SourceVersion "1"]
[SourceVersionDate "2023.10.10"]
[SourceQuality "1"]
[WhiteTeam "Karvina"]
[BlackTeam "Dolni Benesov"]
[WhiteTeamCountry "CZE"]
[BlackTeamCountry "CZE"]

1. d4 Nf6 2. c4 e6 3. Nf3 d5 4. Nc3 Nbd7 5. Bf4 c6 6. e3 Be7 7. h3 0-0 8. c5 Ne4 9. Qc2 f5 10. Bd3 b6 11. cxb6 Qxb6 12. 0-0 Ba6 13. Rfd1 Rac8 14. Na4 Qb7 15. Ne5 Rfd8 16. Nxd7 Rxd7 17. f3 Nf6 18. Be5 Bb5 19. Nc5 Bxc5 20. dxc5 Rf7 21. Rd2 Nd7 22. Bd6 Re8 23. Re1 Nf6 24. Rdd1 a5 25. Qe2 Bxd3 26. Rxd3 a4 27. Ra3 Qb4 28. Rc1 Rb7 29. Rc2 e5 30. Qd2 d4 31. exd4 exd4 32. Qd3 g6 33. Re2 Rxe2 34. Qxe2 Kf7 35. Qc2 Ra7 36. Rd3 Rb7 37. Rd2 Nd5 38. Be5 Ne3 39. Qd3 Qxc5 40. Bxd4 Qc1+ 41. Kf2 f4 42. Bxe3 fxe3+ 43. Kxe3 Qe1+ 0-1

[Event "CZE-chT2F 2122"]
[Site "Czech Republic"]
[Date "2021.10.17"]
[Round "1.3"]
[White "Zalesky, Karel"]
[Black "Horvath, Tomas"]
[Result "1-0"]
[WhiteElo "2055"]
[BlackElo "2101"]
[PlyCount "97"]
[EventDate "2021.10.17"]
[EventType "team-tourn"]
[EventRounds "11"]
[EventCountry "CZE"]
[SourceTitle "EXT 2024"]
[Source "ChessBase"]
[SourceDate "2023.10.10"]
[SourceVersion "1"]
[SourceVersionDate "2023.10.10"]
[SourceQuality "1"]
[WhiteTeam "Dolni Benesov"]
[BlackTeam "Orlova Slavia II"]
[WhiteTeamCountry "CZE"]
[BlackTeamCountry "CZE"]

1. e4 e6 2. d4 d5 3. e5 c5 4. c3 Nc6 5. Nf3 Bd7 6. Be2 Nge7 7. 0-0 Ng6 8. a3 Be7 9. Bd3 0-0 10. Be3 Qe8 11. Bxg6 fxg6 12. dxc5 Rf5 13. Bd4 g5 14. h3 Qg6 15. g4 Rf4 16. Be3 Rf7 17. Nbd2 Raf8 18. Kg2 Na5 19. Qb1 Qxb1 20. Rfxb1 Nc4 21. Bd4 Rf4 22. b3 Nxd2 23. Nxd2 h5 24. f3 Bb5 25. Re1 Rc8 26. b4 Bd8 27. a4 Bd3 28. Re3 Bg6 29. Ra2 Be8 30. Nb3 Bd7 31. Ree2 a6 32. Be3 Rf7 33. Nd4 g6 34. Nb3 Kg7 35. Rf2 Bc7 36. Bd4 Kg8 37. Nc1 Kg7 38. Nd3 Rcf8 39. Be3 Bc6 40. Bxg5 d4 41. Bf6+ Kh7 42. c4 hxg4 43. hxg4 g5 44. b5 Rxf6 45. bxc6 R6f7 46. cxb7 Bb8 47. Rab2 Rc7 48. Rb6 Re8 49. Rfb2 1-0

[Event "CZE-ch Betsys Online Blitz"]
[Site "Chess.com INT"]
[Date "2021.04.17"]
[Round "1"]
[White "Petras, Milan"]
[Black "Zalesky, Karel"]
[Result "0-1"]
[WhiteElo "1976"]
[BlackElo "2029"]
[PlyCount "80"]
[EventDate "2021.04.17"]
[EventType "swiss (blitz)"]
[EventRounds "13"]
[EventCountry "CZE"]
[SourceTitle "CBM 201 Extra"]
[Source "ChessBase"]
[SourceDate "2021.05.31"]
[SourceVersion "1"]
[SourceVersionDate "2021.05.31"]
[SourceQuality "1"]

1. e4 c5 2. c3 e6 3. d4 d5 4. e5 Nc6 5. Nf3 Nge7 6. Bd3 cxd4 7. cxd4 Bd7 8. 0-0 Nf5 9. Bxf5 exf5 10. Bg5 Be7 11. h4 h6 12. Bxe7 Qxe7 13. Nc3 Be6 14. Qb3 Rd8 15. Nb5 0-0 16. Nd6 Rd7 17. Rfd1 g5 18. hxg5 hxg5 19. g3 Kg7 20. Kg2 b6 21. Qd3 Rxd6 22. exd6 Qxd6 23. a3 Ne7 24. Ne5 Ng6 25. Nxg6 Kxg6 26. f3 Kf6 27. Re1 Rc8 28. Rac1 Rc4 29. Qe3 f4 30. gxf4 gxf4 31. Qe5+ Qxe5 32. dxe5+ Kf5 33. Rxc4 dxc4 34. Kf2 b5 35. Rd1 a5 36. Rd6 Kxe5 37. Rb6 b4 38. axb4 axb4 39. Rxb4 Kd4 40. Rb8 Kd3 0-1

[Event "CZE-ch Betsys Online Blitz"]
[Site "Chess.com INT"]
[Date "2021.04.17"]
[Round "9"]
[White "Rafaja, Marek1111"]
[Black "Zalesky, Karel"]
[Result "0-1"]
[WhiteElo "1948"]
[BlackElo "2029"]
[PlyCount "56"]
[EventDate "2021.04.17"]
[EventType "swiss (blitz)"]
[EventRounds "13"]
[EventCountry "CZE"]
[SourceTitle "CBM 201 Extra"]
[Source "ChessBase"]
[SourceDate "2021.05.31"]
[SourceVersion "1"]
[SourceVersionDate "2021.05.31"]
[SourceQuality "1"]

1. d4 Nf6 2. Bf4 Nc6 3. e3 d6 4. Nf3 Bf5 5. Bd3 Bxd3 6. Qxd3 g6 7. c4 Nh5 8. Bg3 Bg7 9. a3 e5 10. d5 Ne7 11. Nc3 Nf5 12. Rc1 0-0 13. 0-0 Re8 14. e4 Nd4 15. Ne2 Nxe2+ 16. Qxe2 Nxg3 17. hxg3 Bh6 18. Rc2 Qd7 19. b4 b6 20. c5 bxc5 21. bxc5 dxc5 22. Rxc5 Bf8 23. Rc3 Bd6 24. Rfc1 Reb8 25. Ne1 Rb6 26. Nd3 Rab8 27. Nc5 Qb5 28. a4 Qxe2 0-1

[Event "CZE-ch Betsys Online Blitz"]
[Site "Chess.com INT"]
[Date "2021.04.17"]
[Round "10"]
[White "Zalesky, Karel"]
[Black "Sramek, Vojtech"]
[Result "0-1"]
[WhiteElo "2029"]
[BlackElo "2194"]
[PlyCount "78"]
[EventDate "2021.04.17"]
[EventType "swiss (blitz)"]
[EventRounds "13"]
[EventCountry "CZE"]
[SourceTitle "CBM 201 Extra"]
[Source "ChessBase"]
[SourceDate "2021.05.31"]
[SourceVersion "1"]
[SourceVersionDate "2021.05.31"]
[SourceQuality "1"]

1. e4 c5 2. Nf3 d6 3. d4 cxd4 4. Nxd4 Nf6 5. Nc3 g6 6. Be3 Bg7 7. Be2 0-0 8. h3 Nc6 9. 0-0 d5 10. exd5 Nxd5 11. Nxd5 Qxd5 12. Bf3 Qa5 13. Nxc6 bxc6 14. c3 Rd8 15. Qc2 Qc7 16. Rfd1 Bf5 17. Qa4 Rxd1+ 18. Rxd1 Rc8 19. a3 c5 20. Bf4 e5 21. Be3 Be6 22. Bd5 Bxd5 23. Rxd5 Bf8 24. Rd7 Qb6 25. Qc4 Qf6 26. b4 Rd8 27. Rxa7 Rd1+ 28. Kh2 e4 29. Qxe4 Bd6+ 30. g3 Kg7 31. bxc5 Be5 32. c4 Rf1 33. Kg2 Ra1 34. Bf4 Bd4 35. Be3 Be5 36. Rb7 Ra2 37. Rb6 Qe7 38. c6 Qc7 39. Rb5 Bxg3 0-1

[Event "CZE-chT2F 1819"]
[Site "Czech Republic"]
[Date "2019.02.10"]
[Round "8.5"]
[White "Zalesky, Karel"]
[Black "Zdrazil, Tomas"]
[Result "0-1"]
[WhiteElo "2001"]
[BlackElo "2115"]
[PlyCount "74"]
[EventDate "2018.10.14"]
[EventType "team-tourn"]
[EventRounds "11"]
[EventCountry "CZE"]
[SourceTitle "EXT 2022"]
[Source "ChessBase"]
[SourceDate "2021.10.06"]
[SourceVersion "1"]
[SourceVersionDate "2021.10.06"]
[SourceQuality "1"]
[WhiteTeam "Opava KVS"]
[BlackTeam "Vrbno pod Pradedem"]
[WhiteTeamCountry "CZE"]
[BlackTeamCountry "CZE"]

1. e4 c5 2. Nf3 d6 3. d4 cxd4 4. Nxd4 Nf6 5. Nc3 a6 6. Be2 e5 7. Nb3 Be7 8. 0-0 0-0 9. Be3 Be6 10. Nd5 Nxd5 11. exd5 Bf5 12. Qd2 Nd7 13. c3 Bg6 14. f4 exf4 15. Bxf4 Bf6 16. Rf2 Be5 17. Raf1 Bxf4 18. Rxf4 Ne5 19. Nd4 Qa5 20. Nb3 Qc7 21. Kh1 Rfe8 22. h4 h6 23. h5 Bh7 24. a4 Qe7 25. Nd4 Qg5 26. b3 Re7 27. c4 Rae8 28. Qd1 Nd7 29. Kg1 Nf6 30. a5 Be4 31. R4f2 Qe3 32. b4 Bh7 33. Kh2 Re4 34. Nc2 Rh4+ 35. Kg1 Bxc2 36. Qxc2 Ne4 37. b5 Ng3 0-1

[Event "CZE-chT2F 1819"]
[Site "Czech Republic"]
[Date "2019.01.13"]
[Round "6.6"]
[White "Olsar, Jaroslav"]
[Black "Zalesky, Karel"]
[Result "0-1"]
[WhiteElo "2216"]
[BlackElo "2001"]
[PlyCount "98"]
[EventDate "2018.10.14"]
[EventType "team-tourn"]
[EventRounds "11"]
[EventCountry "CZE"]
[SourceTitle "EXT 2022"]
[Source "ChessBase"]
[SourceDate "2021.10.06"]
[SourceVersion "1"]
[SourceVersionDate "2021.10.06"]
[SourceQuality "1"]
[WhiteTeam "Karvina"]
[BlackTeam "Opava KVS"]
[WhiteTeamCountry "CZE"]
[BlackTeamCountry "CZE"]

1. d4 Nf6 2. c4 e6 3. Nf3 b6 4. a3 Bb7 5. Nc3 Be7 6. d5 d6 7. e4 Nbd7 8. Qc2 c6 9. dxe6 fxe6 10. Be2 e5 11. Ng5 Nf8 12. f4 h6 13. Nf3 Qc7 14. f5 g6 15. fxg6 Nxg6 16. b4 a5 17. b5 cxb5 18. Nxb5 Qc5 19. Bd3 Ng4 20. h3 Nf6 21. Qf2 Qxf2+ 22. Kxf2 Rc8 23. Re1 Nd7 24. Rb1 Ba6 25. Be3 Bxb5 26. Rxb5 Rc6 27. Reb1 Bd8 28. Bf1 Ngf8 29. g3 Ne6 30. h4 Nf6 31. Bd3 Ng4+ 32. Ke2 Nxe3 33. Kxe3 Rg8 34. Kf2 Rf8 35. Ke3 Nc5 36. Bc2 Kf7 37. Rg1 Ke6 38. Nh2 Rg8 39. Rbb1 Rc7 40. Rbf1 Rcg7 41. Kf2 Kd7 42. Nf3 Kc6 43. Rd1 Rg4 44. Rde1 b5 45. Nh2 R4g7 46. cxb5+ Kxb5 47. Rb1+ Kc6 48. Bb3 Nxb3 49. Rxb3 Bb6+ 0-1

[Event "CZE-chT1E 1718"]
[Site "Czech Republic"]
[Date "2018.03.04"]
[Round "9.5"]
[White "Karasek, Lukas"]
[Black "Zalesky, Karel"]
[Result "1-0"]
[WhiteElo "2304"]
[BlackElo "2018"]
[PlyCount "97"]
[EventDate "2017.10.22"]
[EventType "team-tourn"]
[EventRounds "11"]
[EventCountry "CZE"]
[SourceTitle "EXT 2019"]
[Source "ChessBase"]
[SourceDate "2018.10.10"]
[SourceVersion "1"]
[SourceVersionDate "2018.10.10"]
[SourceQuality "1"]
[WhiteTeam "Gordic"]
[BlackTeam "Opava KVS"]
[WhiteTeamCountry "CZE"]
[BlackTeamCountry "CZE"]

1. Nf3 d5 2. c4 e6 3. g3 Nf6 4. Bg2 Be7 5. 0-0 0-0 6. d4 Ne4 7. Nfd2 f5 8. Nxe4 dxe4 9. Nc3 Nc6 10. Be3 Bf6 11. d5 Ne5 12. Qb3 b6 13. Rad1 Qe7 14. f3 exf3 15. exf3 Ba6 16. Nb5 exd5 17. cxd5 Nf7 18. Rfe1 Qd7 19. Nd4 Nd6 20. Ne6 Rfe8 21. Rc1 Rac8 22. Bf4 Nc4 23. Rxc4 Qxd5 24. Rcc1 Qxb3 25. axb3 Bxb2 26. Nxc7 Bd4+ 27. Kh1 Rxe1+ 28. Rxe1 Bb7 29. h4 a6 30. Rd1 Bf6 31. Kh2 h6 32. h5 b5 33. Rd3 Rd8 34. Rxd8+ Bxd8 35. Kg1 Kf7 36. Be5 f4 37. gxf4 Ke7 38. Kf2 b4 39. Bf1 a5 40. Bc4 Bc6 41. Ne6 Bb6+ 42. Ke2 a4 43. bxa4 Bxa4 44. Nxg7 b3 45. f5 Bc5 46. f6+ Kd7 47. f7 Ba3 48. Ne6 Bb5 49. f8N+ 1-0

[Event "CZE-chT2F 1718"]
[Site "Czech Republic"]
[Date "2018.02.25"]
[Round "9.5"]
[White "Zalesky, Karel"]
[Black "Kubeczka, Ales"]
[Result "1/2-1/2"]
[WhiteElo "2018"]
[BlackElo "2099"]
[PlyCount "170"]
[EventDate "2017.10.15"]
[EventType "team-tourn"]
[EventRounds "11"]
[EventCountry "CZE"]
[SourceTitle "EXT 2022"]
[Source "ChessBase"]
[SourceDate "2021.10.06"]
[SourceVersion "1"]
[SourceVersionDate "2021.10.06"]
[SourceQuality "1"]
[WhiteTeam "Benesov Dolni"]
[BlackTeam "Havirov Slovan"]
[WhiteTeamCountry "CZE"]
[BlackTeamCountry "CZE"]

1. e4 c6 2. d4 d5 3. e5 c5 4. Bb5+ Bd7 5. Bxd7+ Qxd7 6. c3 Nc6 7. Ne2 e6 8. 0-0 Nge7 9. f4 cxd4 10. cxd4 h5 11. Nd2 Nf5 12. Nf3 Qc7 13. Qb3 Bb4 14. a3 Ba5 15. Qd3 Rc8 16. b4 Bb6 17. Kh1 Nce7 18. Rd1 Qc4 19. Qd2 Qb3 20. Qd3 Qxd3 21. Rxd3 Kd7 22. Bd2 Rc2 23. Nc3 Rc8 24. Na4 R2c4 25. Bc3 h4 26. Rf1 Ng6 27. Nd2 R4c6 28. Nb3 Ke8 29. g4 hxg3 30. hxg3 Bd8 31. g4 Nh6 32. f5 exf5 33. gxf5 Nh4 34. f6 gxf6 35. Bd2 f5 36. Nc3 Ng4 37. Nxd5 Rc2 38. Nc5 b6 39. Nb7 Kd7 40. Nd6 Bg5 41. Nxc8 Bxd2 42. Nxa7 Bg5 43. Rg3 Ke6 44. Nf4+ Bxf4 45. Rxf4 Nf2+ 46. Kg1 Ne4 47. Rh3 Ng6 48. Rh6 Ng3 49. Rf2 Rc1+ 50. Kg2 Ne4 51. Rb2 Kd5 52. Nb5 Kc4 53. a4 Ra1 54. Nd6+ Kxd4 55. Nxf5+ Kc3 56. Rf2 Nxf2 57. Kxf2 Rxa4 58. Ne3 Ra2+ 59. Kg3 Kxb4 60. e6 fxe6 61. Rxg6 b5 62. Rxe6 Kc3 63. Rc6+ Kb3 64. Kf3 Rd2 65. Ke4 Rd8 66. Nd5 Rb8 67. Rc3+ Kb2 68. Kd3 b4 69. Rc2+ Kb3 70. Rc4 Rb7 71. Rh4 Rb8 72. Rg4 Rb7 73. Rg1 Kb2 74. Kc4 b3 75. Rg2+ Ka3 76. Rg6 Kb2 77. Rg2+ Ka3 78. Rg3 Kb2 79. Nc3 Rc7+ 80. Kb4 Rb7+ 81. Nb5 Ka2 82. Ka4 Rxb5 83. Kxb5 b2 84. Rg2 Ka1 85. Rxb2 Kxb2 1/2-1/2

[Event "CZE-chT2F 1718"]
[Site "Czech Republic"]
[Date "2018.01.28"]
[Round "7.4"]
[White "Tustanowski, Robert"]
[Black "Zalesky, Karel"]
[Result "1-0"]
[WhiteElo "2256"]
[BlackElo "2018"]
[PlyCount "85"]
[EventDate "2017.10.15"]
[EventType "team-tourn"]
[EventRounds "11"]
[EventCountry "CZE"]
[SourceTitle "EXT 2022"]
[Source "ChessBase"]
[SourceDate "2021.10.06"]
[SourceVersion "1"]
[SourceVersionDate "2021.10.06"]
[SourceQuality "1"]
[WhiteTeam "Vrbno pod Pradedem"]
[BlackTeam "Benesov Dolni"]
[WhiteTeamCountry "CZE"]
[BlackTeamCountry "CZE"]

1. e4 c5 2. Nf3 d6 3. Bc4 e6 4. 0-0 Bd7 5. Re1 Nc6 6. c3 Ne5 7. Nxe5 dxe5 8. d4 cxd4 9. cxd4 Qc7 10. Bb3 exd4 11. Qxd4 Bd6 12. e5 Bc5 13. Qg4 Ne7 14. Nc3 Nf5 15. Ne4 h5 16. Qf4 Be7 17. Be3 Rg8 18. h4 Bc6 19. Rac1 Qb8 20. Bc5 a5 21. Bxe7 Kxe7 22. Qg5+ Kf8 23. Qxh5 Qxe5 24. Ng5 g6 25. Qh7 Qg7 26. Bxe6 Qxh7 27. Nxh7+ Kg7 28. Bxf5 gxf5 29. Ng5 f6 30. Ne6+ Kf7 31. g3 Rae8 32. Nd4 Rxe1+ 33. Rxe1 Bd7 34. Rc1 b6 35. Rc7 Ke8 36. Rb7 Rg4 37. Ne2 Rb4 38. b3 a4 39. Rb8+ Ke7 40. Nc3 Kd6 41. Nxa4 b5 42. Nc3 Kc7 43. Nd5+ 1-0